| 000 | 00932pam a2200289 a 4500 | ||
|---|---|---|---|
| 001 | 14590 | ||
| 003 | BD-RjUL | ||
| 005 | 20211208235645.0 | ||
| 008 | 140206s1983 njua b 001 0 eng | ||
| 020 | _a0136451276 (pbk.) | ||
| 020 | _a0136451357 (hard) | ||
| 035 | _a(BD-RjUL)14643 | ||
| 040 |
_aDLC _cDLC _dDLC _dBD-RjUL _beng |
||
| 041 | _aeng | ||
| 082 | 0 | 0 |
_a650.14 _219 _bMEO 1983 |
| 100 | 1 |
_aMerman, Stephen K. _945483 |
|
| 245 | 1 | 0 |
_aOut-interviewing the interviewer : _ba job winner's script for success / _cStephen K. Merman, John E. McLaughlin. |
| 260 |
_aEnglewood Cliffs, N.J. : _bPrentice-Hall, _cc1983. |
||
| 300 |
_axi, 223 p. : _bill. ; _c24 cm. |
||
| 500 | _a"A Spectrum book." | ||
| 504 | _aIncludes bibliographical references and index. | ||
| 650 | 0 |
_aEmployment interviewing. _943716 |
|
| 700 | 1 |
_aMcLaughlin, John E. _945484 |
|
| 942 |
_2ddc _cBK |
||
| 999 |
_c14590 _d14590 |
||